000 00413nam a2200157 i 4500
001 47329
003 ES-MaACL
005 20230906161537.0
007 t|
008 030407s1967 sp ||||1| cat d
100 1 _aCoquard, Lluis.
_940429
245 1 0 _aQuina vista tens, Quimet! /
_cLluis Coquard.
260 _aBarcelona :
_b[s.n.,
_c1967]
300 _a62 p. ;
_c17 cm.
852 _aES-MaACL
_jC-31406
_bR.62143
999 _c47329
_d47329